| 000 | 00381pam a2200157a 44500 | ||
|---|---|---|---|
| 008 | 230405s2014 xxu||||| |||| 00| 0 eng d | ||
| 041 | _aENG | ||
| 100 | _aGULATI R.R | ||
| 245 |
_aMONOCHROME & COLOUR TELEVISION _b08/16/2016 |
||
| 250 | _a2014 | ||
| 260 |
_aNEW DELHI _bNEW AGE INTERNATIONAL PUB _c2014 |
||
| 300 | _aP.B,654 | ||
| 650 | _aCSE | ||
| 690 | _aCSE | ||
| 906 | _a4424 | ||
| 999 |
_c818619 _d818619 |
||